| 000 | 01063nam a22003133a 4500 | ||
|---|---|---|---|
| 001 | 016485515 | ||
| 003 | OSt | ||
| 005 | 20150216154425.0 | ||
| 008 | 130625t2014 xxka frbd 001 0 eng d | ||
| 020 | _a9781292023045 (pbk.) | ||
| 020 | _a129202304X (pbk.) | ||
| 040 |
_aUK-WkNB _beng _cUK-WkNB _dEG-ScBUE |
||
| 082 | 0 | 0 |
_222 _a300.15195 _bARO |
| 100 | 1 |
_aAron, Arthur _937430 |
|
| 245 | 1 | 0 |
_aStatistics for the behavioral and social sciences : _ba brief course / _cAron, Coups, Aron. |
| 250 |
_a5th ed., _bPearson new international ed. |
||
| 260 |
_aHarlow, United Kingdom : _bPearson Education Limited, _cc.2014. |
||
| 300 |
_aii, 486 p. : _bill. ; _c28 cm. |
||
| 500 | _aIndex : p. 481-486. | ||
| 500 | _aIncludes glossary. | ||
| 504 | _aBibliography : p. 475-479. | ||
| 650 | 0 |
_93257 _aSocial sciences _xStatistical methods |
|
| 650 | 0 |
_aSocial sciences _xData processing _937431 |
|
| 653 |
_bBUSADM _cFebruary2015 |
||
| 655 |
_vreading book _934232 |
||
| 700 | 1 |
_aCoups, Elliot J. _937432 |
|
| 700 | 1 |
_aAron, Elaine _937433 |
|
| 942 |
_2ddc _k300.15195 ARO |
||
| 999 |
_c18987 _d18959 |
||